Kader des FC Bayern München 2021/22 - Statistiken

Allgemein
  • Dieses Quiz wurde 2.348 mal gespielt
    2.329 seit der letzten Aktualisierung
  • Das Durchschnittsergebnis liegt bei 19 aus 26
Antwortstatistiken
Nationalität(en) Spieler % Korrekt
Deutschland Manuel Neuer
99%
Polen Robert Lewandowski
95%
Deutschland Joshua Kimmich
92%
Deutschland/Elfenbeinküste Serge Gnabry
91%
Kanada/Liberia Alphonso Davies
90%
Frankreich/Guadeloupe Kingsley Coman
88%
Deutschland/Frankreich Leroy Sane
88%
Deutschland/England Jamal Musiala
87%
Deutschland Leon Goretzka
87%
Deutschland Sven Ulreich
87%
Frankreich Benjamin Pavard
83%
Frankreich/Guinea-Bissau Dayot Upamecano
83%
Frankreich/Spanien Lucas Hernandez
83%
Österreich Marcel Sabitzer
79%
Deutschland Niklas Süle
78%
Kamerun/Deutschland Eric Maxim Choupo-Moting
76%
Deutschland Thomas Müller
74%
Senegal/Frankreich Bouna Sarr
67%
Frankreich/Togo Corentin Tolisso
66%
Kroatien/Deutschland Josip Stanisic
65%
Spanien Marc Roca
53%
England/Jamaika Omar Richards
51%
Deutschland Christian Früchtl
48%
Frankreich/Elfenbeinküste Tanguy Nianzou
48%
Deutschland/USA Malik Tillman
30%
Frankreich Michael Cuisance
20%
Keine übereinstimmenden Quizze gefunden
Verteilung der Resultate
Anzahl Personen mit jedem Resultat
Perzentil nach korrekt beantworteten Fragen
Ihre Resultats-Entwicklung
Sie haben dieses Quiz seit der letzten Aktualisierung nicht gespielt